000 00633cam a2200145 4500500
005 20260208005833.0
041 _afre
042 _adc
100 1 0 _aLaster, Arnaud
_eauthor
245 0 0 _aVÉRONIQUE DUFIEF-SANCHEZ, Victor Hugo et le désir de savoir dans Quatrevingt-Treize, La Forêt mouillée, La Fin de Satan. L’Harmattan, 2002. Un vol. de 498 p.
260 _c2005.
500 _a93
786 0 _nRevue d'histoire littéraire de la France | 105 | 4 | 2005-10-01 | p. 1031q-1076q | 0035-2411
856 4 1 _uhttps://shs.cairn.info/revue-d-histoire-litteraire-de-la-france-2005-4-page-1031q?lang=fr&redirect-ssocas=7080
999 _c1654052
_d1654052